| 000 | 01492nam a22003737a 4500 | ||
|---|---|---|---|
| 003 | CHAP | ||
| 005 | 20220329134927.0 | ||
| 008 | 971013s1971 r 00010 d | ||
| 010 | _a28176 | ||
| 011 | _a29148 | ||
| 035 | _a33259 | ||
| 040 | _cCHAP | ||
| 082 |
_a334 _bM2Y |
||
| 100 | 0 | 0 |
_aMcGrath, Mary Jean _ecomp. _973544 |
| 245 |
_aCooperativas prósperas _b: prácticas y procedimientos |
||
| 260 |
_aMéxico, D.F. : _bRoble, _c1971 |
||
| 300 | _a220 p | ||
| 590 |
_aBATCH-UPD _b10 _c20130110 _lUCH01 _h2043 |
||
| 590 |
_aCONVERSION _b10 _c20130109 _lUCH01 _h1316 |
||
| 650 | 1 | 4 |
_aCooperativismo. _927786 |
| 650 | 1 | 4 |
_aSociedades cooperativas _xColima. _9108124 |
| 901 | _aBK | ||
| 942 | _cLIBRO | ||
| 949 |
_a334 M2Y _bBC _cLIBRO _d-77359 _eLIBRO _fc.9 _h31986 _i33259 _si |
||
| 949 |
_a334 M2Y _bBC _cLIBRO _d33724000334264 _eLIBRO _fc.10 _h31987 _i33259 _si |
||
| 949 |
_a334 M2Y _bBC _cLIBRO _d33724000334272 _eLIBRO _fc.8 _h31985 _i33259 _si |
||
| 949 |
_a334 M2Y _bBC _cLIBRO _d33724000334280 _eLIBRO _fc.7 _h31984 _i33259 _si |
||
| 949 |
_a334 M2Y _bBC _cLIBRO _d33724000334298 _eLIBRO _fc.5 _h16638 _i33259 _si |
||
| 949 |
_a334 M2Y _bBC _cLIBRO _d33724000334306 _eLIBRO _fc.4 _h16637 _i33259 _si |
||
| 949 |
_a334 M2Y _bBC _cLIBRO _d33724000334314 _eLIBRO _fc.3 _h16636 _i33259 _si |
||
| 949 |
_a334 M2Y _bBC _cLIBRO _d33724000334322 _eLIBRO _fc.2 _h16635 _i33259 _mD _si |
||
| 949 |
_a334 M2Y _bBC _cLIBRO _d33724000334389 _eLIBRO _fc.6 _h18310 _i33259 _si |
||
| 949 |
_a334 M2Y _bBC _cLIBRO _d33724000334397 _eLIBRO _h16609 _i33259 _mD _si |
||
| 999 |
_c28176 _d28176 |
||